• 首页
  • 本馆介绍
  • 公告通知
  • 最新文献
  • 馆藏检索
  • 电子资源
  • 读者导购
  • 参考咨询
  • 我的图书馆
  • 登录
  • 详细信息显示
  • 放入我的书架
  • 预约/预借图书
  • 作者相关作品
  • 分类相关作品
  • 丛书相关作品
  • 出版社相关作品

书目信息

  • 表格格式
  • 工作单格式
  • 卡片格式
题名:
河北辽河源自然保护区科学考察与生物多样性研究
    
 
作者: 吴跃峰 , 赵建成 , 刘宝忠 主编
分册:  
出版信息: 北京   科学出版社  2007
页数: 424页
开本: 26cm
丛书名:
单 册:
中图分类: S759.992.224 , Q16
科图分类:
主题词: 自然保护区--科学考察--平泉县 , 自然保护区--生物多样性--研究--平泉县 , 自然保护区 , 科学考察 , 生物多样性
电子资源:
ISBN: 978-7-03-018828-1
000 01230nam0 2200325 450
001 003428296
005 20070805110910.46
010    @a978-7-03-018828-1@b精装@dCNY75.00
035    @a003428296
100    @a20070327d2007 em y0chiy0110 ea
101 0  @achi
102    @aCN@b110000
105    @ab z 000yy
106    @ar
200 1  @a河北辽河源自然保护区科学考察与生物多样性研究@Ahe bei liao he yuan zi ran bao hu qu ke xue kao cha yu sheng wu duo yang xing yan jiu@f吴跃峰,赵建成,刘宝忠主编@Fwu yue feng, zhao jian cheng, liu bao zhong zhu bian
210    @a北京@c科学出版社@d2007
215    @a424页@c地图@d26cm
330    @a本书较全面地反映了保护区内的自然地理环境特征、植被类型、动植物物种组成、生物资源、珍稀濒危物种的分布与评价、保护区管理以及社区经济状况的基本现状。
606 0  @a自然保护区@x科学考察@y平泉县
606 0  @a自然保护区@x生物多样性@x研究@y平泉县
606 0  @a自然保护区
606 0  @a科学考察
606 0  @a生物多样性
690    @aS759.992.224@v4
690    @aQ16@v4
701  0 @a吴跃峰@Awu yue feng@4主编
701  0 @a赵建成@Azhao jian cheng@c(生态学)@4主编
701  0 @a刘宝忠@Aliu bao zhong@c(自然资源保护)@4主编
801  0 @aCN@bNLC@c20070805
905    @dS759.992.224@e32@f1
    
    河北辽河源自然保护区科学考察与生物多样性研究/吴跃峰,赵建成,刘宝忠主编.-北京:科学出版社,2007
    424页:地图;26cm
    
    
    ISBN 978-7-03-018828-1(精装):CNY75.00
    本书较全面地反映了保护区内的自然地理环境特征、植被类型、动植物物种组成、生物资源、珍稀濒危物种的分布与评价、保护区管理以及社区经济状况的基本现状。
●
相关链接 在E读中查询图书 在五车中查询图书 在当当中查询图书 在豆瓣中查询图书


正题名:河北辽河源自然保护区科学考察与生物多样性研究     索取号:S759.992.224/32         预约/预借

序号 登录号 条形码 馆藏地/架位号 状态 备注
1 0851971   208519717   第二样本阅览室/ [索取号:S759.992.224/32] 在馆    
唐山师范学院图书馆 欢迎您!
大连网信软件有限公司© 版权所有